<?xml version='1.0' encoding='UTF-8'?>
  <record xmlns="http://www.loc.gov/MARC21/slim">
    <leader>00000cam a22000007i 4500</leader>
    <controlfield tag="001">on1344293381</controlfield>
    <controlfield tag="003">OCoLC</controlfield>
    <controlfield tag="005">20240210061653.1</controlfield>
    <controlfield tag="008">220912s1562    fr            000 0 lat d</controlfield>
    <datafield tag="040" ind1=" " ind2=" ">
      <subfield code="a">QGJ</subfield>
      <subfield code="b">eng</subfield>
      <subfield code="e">rda</subfield>
      <subfield code="e">dcrmr</subfield>
      <subfield code="c">QGJ</subfield>
      <subfield code="d">QGJ</subfield>
      <subfield code="d">OCLCO</subfield>
      <subfield code="d">OCLCL</subfield>
    </datafield>
    <datafield tag="035" ind1=" " ind2=" ">
      <subfield code="a">(OCoLC)1344293381</subfield>
    </datafield>
    <datafield tag="100" ind1="1" ind2=" ">
      <subfield code="a">Baudouin, François,</subfield>
      <subfield code="d">1520-1573,</subfield>
      <subfield code="e">author.</subfield>
      <subfield code="4">aut</subfield>
      <subfield code="1">https://id.oclc.org/worldcat/entity/E39PBJyhjg3CDcpyRqcRRDkv73</subfield>
    </datafield>
    <datafield tag="245" ind1="1" ind2="0">
      <subfield code="a">Ad leges de famosis libellis et de calumniatoribus, commentarius /</subfield>
      <subfield code="c">Fr. Balduini.</subfield>
    </datafield>
    <datafield tag="246" ind1="3" ind2=" ">
      <subfield code="a">Ad leges de famosis libellis et de calvmniatoribvs, commentarivs</subfield>
    </datafield>
    <datafield tag="246" ind1="3" ind2="7">
      <subfield code="a">De fam. libel. com.</subfield>
    </datafield>
    <datafield tag="264" ind1=" " ind2="1">
      <subfield code="a">Parisiis, :</subfield>
      <subfield code="b">Apud Andream Wechelum,</subfield>
      <subfield code="c">1562.</subfield>
    </datafield>
    <datafield tag="300" ind1=" " ind2=" ">
      <subfield code="a">67, [1] pages ;</subfield>
      <subfield code="c">22 cm (4to)</subfield>
    </datafield>
    <datafield tag="336" ind1=" " ind2=" ">
      <subfield code="a">text</subfield>
      <subfield code="b">txt</subfield>
      <subfield code="2">rdacontent</subfield>
    </datafield>
    <datafield tag="337" ind1=" " ind2=" ">
      <subfield code="a">unmediated</subfield>
      <subfield code="b">n</subfield>
      <subfield code="2">rdamedia</subfield>
    </datafield>
    <datafield tag="338" ind1=" " ind2=" ">
      <subfield code="a">volume</subfield>
      <subfield code="b">nc</subfield>
      <subfield code="2">rdacarrier</subfield>
    </datafield>
    <datafield tag="340" ind1=" " ind2=" ">
      <subfield code="m">4to</subfield>
      <subfield code="2">rdabf</subfield>
    </datafield>
    <datafield tag="500" ind1=" " ind2=" ">
      <subfield code="a">"Cum privilegio regis."</subfield>
    </datafield>
    <datafield tag="500" ind1=" " ind2=" ">
      <subfield code="a">Signatures: A-G⁴ H⁶.</subfield>
    </datafield>
    <datafield tag="500" ind1=" " ind2=" ">
      <subfield code="a">Printer's device on title page and verso of last leaf.</subfield>
    </datafield>
    <datafield tag="500" ind1=" " ind2=" ">
      <subfield code="a">Head-pieces; intials.</subfield>
    </datafield>
    <datafield tag="510" ind1="4" ind2=" ">
      <subfield code="a">Adams, H.M. Catalogue of books printed on the continent of Europe, 1501-1600, in Cambridge libraries,</subfield>
      <subfield code="c">B 85</subfield>
    </datafield>
    <datafield tag="510" ind1="4" ind2=" ">
      <subfield code="a">Short-title catalogue of books printed in France and of French books printed in other countries from 1470 to 1600 now in the British Museum,</subfield>
      <subfield code="c">p. 40</subfield>
    </datafield>
    <datafield tag="510" ind1="4" ind2=" ">
      <subfield code="a">French books III &amp; IV,</subfield>
      <subfield code="c">56482</subfield>
    </datafield>
    <datafield tag="510" ind1="4" ind2=" ">
      <subfield code="a">BN,</subfield>
      <subfield code="c">VIII, column 1018</subfield>
    </datafield>
    <datafield tag="650" ind1=" " ind2="0">
      <subfield code="a">Libel and slander</subfield>
      <subfield code="v">Early works to 1800.</subfield>
    </datafield>
    <datafield tag="650" ind1=" " ind2="7">
      <subfield code="a">Libel and slander</subfield>
      <subfield code="2">fast</subfield>
    </datafield>
    <datafield tag="655" ind1=" " ind2="7">
      <subfield code="a">Early works</subfield>
      <subfield code="2">fast</subfield>
    </datafield>
    <datafield tag="700" ind1="1" ind2=" ">
      <subfield code="a">Wechel, Andreas,</subfield>
      <subfield code="d">-1581,</subfield>
      <subfield code="e">printer.</subfield>
      <subfield code="4">prt</subfield>
      <subfield code="1">https://id.oclc.org/worldcat/entity/E39PBJmXDHgVVjdYKPmdWXg7pP</subfield>
    </datafield>
    <datafield tag="700" ind1="0" ind2=" ">
      <subfield code="a">Charles</subfield>
      <subfield code="b">IX,</subfield>
      <subfield code="c">King of France,</subfield>
      <subfield code="d">1550-1574,</subfield>
      <subfield code="e">censor.</subfield>
      <subfield code="4">cns</subfield>
      <subfield code="1">https://id.oclc.org/worldcat/entity/E39PBJgd7C9WcrvGMQvb4KWdQq</subfield>
    </datafield>
    <datafield tag="700" ind1="1" ind2=" ">
      <subfield code="a">Foix, Paul de,</subfield>
      <subfield code="d">1528-1584,</subfield>
      <subfield code="e">dedicatee.</subfield>
      <subfield code="4">dte</subfield>
      <subfield code="1">https://id.oclc.org/worldcat/entity/E39PBJgXcGBm4PDvqGgmmMWFKd</subfield>
    </datafield>
    <datafield tag="752" ind1=" " ind2=" ">
      <subfield code="a">France</subfield>
      <subfield code="d">Paris,</subfield>
      <subfield code="e">publication place.</subfield>
      <subfield code="4">pup</subfield>
    </datafield>
    <datafield tag="758" ind1=" " ind2=" ">
      <subfield code="i">has work:</subfield>
      <subfield code="a">Ad leges de famosis libellis et de calumniatoribus, commentarius (Text)</subfield>
      <subfield code="1">https://id.oclc.org/worldcat/entity/E39PCGXh6QpcGdP74fVkGfhWDq</subfield>
      <subfield code="4">https://id.oclc.org/worldcat/ontology/hasWork</subfield>
    </datafield>
  </record>